El pintor Fernando de Amárica... / (Record no. 93878)

MARC details
000 -LEADER
campo de control de longitud fija 00578nam a2200181 i 4500
001 - NÚMERO DE CONTROL
campo de control 93878
003 - IDENTIFICADOR DE NÚMERO DE CONTROL
campo de control ES-MaACL
005 - FECHA Y HORA DE LA ÚLTIMA TRANSACCIÓN
campo de control 20240427063119.0
007 - CAMPO FIJO DE DESCRIPCIÓN FÍSICA--INFORMACIÓN GENERAL
campo de control de longitud fija t|
008 - DATOS DE LONGITUD FIJA--INFORMACIÓN GENERAL
campo de control de longitud fija 050421s1966 sp ||||1| spa d
100 1# - ENTRADA PRINCIPAL--NOMBRE DE PERSONA
Nombre de persona Pantorba, Bernardino de,
Fechas asociadas al nombre 1896-1990
9 (RLIN) 88829
245 13 - MENCIÓN DEL TÍTULO
Título El pintor Fernando de Amárica... /
Mención de responsabilidad, etc. Bernardino de Pantorba.
260 ## - PUBLICACIÓN, DISTRIBUCIÓN, ETC.
Lugar de publicación, distribución, etc. Vitoria :
Nombre del editor, distribuidor, etc. Fundación Amárica,
Fecha de publicación, distribución, etc. 1966.
300 ## - DESCRIPCIÓN FÍSICA
Extensión 164 p., 4 h. con 24 lám. ;
Dimensiones 23 cm.
710 2# - ENTRADA AGREGADA--NOMBRE DE ENTIDAD CORPORATIVA
Nombre de entidad corporativa o nombre de jurisdicción como elemento de entrada Fundación Amárica (Vitoria)
9 (RLIN) 4213
852 ## - LOCALIZACIÓN
Ubicación ES-MaACL
Número de control de estantería C-30250
Sublocalización o colección R.60138
Holdings
Estatus retirado Estado de pérdida Estado de daño No para préstamo Biblioteca de origen Biblioteca actual Ubicación en estantería Fecha de adquisición Fuente de adquisición Total de préstamos Signatura topográfica completa Código de barras Visto por última vez Precio de reemplazo Tipo de ítem Koha
        Biblioteca del Ateneo de Madrid Biblioteca del Ateneo de Madrid Depósito 2 17/01/2008     C-30250 1098043 23/02/2023 23/02/2023 Libro impreso